000 00812pam a2200277 i 4500
001 358658
003 OSt
005 20170105101209.0
008 770819s1978 nyu b 000 0 eng
010 _a 77012558
020 _a0688032745
020 _a0688082742 (pbk.)
040 _aDLC
_cDLC
_dDLC
043 _an-us---
050 0 0 _aHE8700.8
_b.M35
082 0 0 _a301.16/1
100 1 _aMander, Jerry.
245 1 0 _aFour arguments for the elimination of television /
_cby Jerry Mander.
260 _aNew York :
_bMorrow,
_c1978.
300 _a371 p. ;
_c22 cm.
504 _aBibliography: p. 363-371.
650 0 _aTelevision broadcasting
_xSocial aspects
_zUnited States.
650 0 _aTelevision
_xPsychological aspects.
906 _a7
_bcbc
_corignew
_d1
_eocip
_f19
_gy-gencatlg
942 _2ddc
_cBK
999 _c3125
_d3125